01616nam a2200241Ia 4500001000600000003000900006008004100015040001300056040001300069041001300082100002200095100002900117245001600146245001600162250001100178260001100189260001200200260004900212300005700261500098900318650003601307650003101343G5017IT-RoPAU130308s9999 xx 000 0 und d aIT-RoPAU cIT-RoPAU aITALIANO aVellutino Daniela gCodice Aut. SPICS: 54938 aStampa (La) bStampa (La) a1a ed. aNAPOLI bEllissi c2000 [1° Ed.:2000 - Ed.Ling.Originale:2000] a"320 p. (prefazione: no ; testo: 320 [pagine: 0-0])" a"Stampa: varie Accezioni del Termine Stampa. Sviluppi tecnologici della Stampa Tipografica; Progressiva scomparsa del Piombo: Stampa Offset, Fotocomposizione, Desktop Publishing, Rivoluzione Digitale. Grandi imprese della Stampa: Diffusione della Stampa e Nascita dell'Editoria, Nascita del Libro e Sua Evoluzione, fasi del Processo Editoriale; scomparsa della Carta: Editoria Elettronica, Editoria Multimediale; Comunicazione Giornalistica a mezzo Stampa: Origini ed Evoluzione del Giornalismo, Organizzazione Industriale dell'impresa Giornalistica, Sistema Giornale, Produzione delle Notizie, Processo produttivo dell'informazione a mezzo Stampa, fasi del Lavoro Giornalistico, figure Professionali, Giornali in Rete. Strumenti: consigli di Lettura; Cronologie Sulle principali tappe Dello Sviluppo Tecnico e produttivo Delmezzo; Schede biografiche dei protagonisti della Storia Tecnica e Produttiva; Glossario che Indicizza I termini Utilizzati nel Volume; Bibliografia Ragionata." aENCICLOPEDIE DI STAMPA DI MASSA eCodice materia Spics: 6651